Love and money.

Bibliographic Details
Main Author: Clad, Noel
Format: Book
Language:English
Published: New York : Random House, [1959]

MARC

Tag First Indicator Second Indicator Subfields
LEADER 00000cam a2200000 i 4500
001 in00000022617
005 20151007064053.0
008 790226s1959 nyu 00001 eng d
010 |a  59006644  
035 |a (OCoLC)04689755 
035 |9 AAD8972AM 
040 |a CHE  |c CHE  |d TXA  |d UtOrBLW 
049 |a TXAM  |c [309651] 
090 |a PS3553.L15  |b L68 
092 |a 813  |b C583 
100 1 |a Clad, Noel. 
245 1 0 |a Love and money. 
264 1 |a New York :  |b Random House,  |c [1959] 
300 |a 525 pages ;  |c 22 cm. 
336 |a text  |b txt  |2 rdacontent 
337 |a unmediated  |b n  |2 rdamedia 
338 |a volume  |b nc  |2 rdacarrier 
999 |a MARS 
999 f f |s 0b3d60a6-ea4b-3253-bcdc-cfa7e53554e3  |i 58f4b127-612e-3d1a-b495-fba5a78d6bc6  |t 0 
952 f f |p ric  |a Texas A&M University  |b Rellis Campus  |c Joint Library Facility  |d Remote Storage  |t 0  |e PS3553.L15 L68  |h Library of Congress classification  |i unmediated -- volume  |m A14801232380 
998 f f |a PS3553.L15 L68  |t 0  |l Remote Storage